Statistiques concernant Magasins/nourritures

Cliquez ici pour prendre le quiz!

Statistiques générales

  • Ce quiz a été pris 395 fois
  • Le résultat moyen est 8 sur 15

Statistiques - réponses

indice1er lettremot% Correct
pour payer on va à la ...Ccaisse
96%
la pomme , le melon ,la poire ,...font partie de cette catégorie d 'alimentFfruit
84%
la poule en ponds, ils sont fragilesOOeufs
84%
on peut payer par carte bancaire ou en ...Eespèces
73%
pour pouvoir transporter jusqu'à la caisse toutes vos marchandises vous utilise un ...Ppanier
62%
on dit que les enfants n'aiment pas cela ,mais popeye lui les aime beaucoupÉépinards
59%
le rayon où sont vendu les feuilles, les stylos à plume,...Ppapeterie
58%
vous avez toujours l'impression de tomber dans la plus longueFfile
57%
de ce rayon sort une douce odeur de la merPpoissonnerie
43%
quand votre article est à -50%Rréduction
43%
grâce à elle on peut avoir des réductions , des points pour des cadeaux,...Ccarte de fidélité
40%
ils sont généralement dans de grand congélateur transparentSsurgelés
30%
dessus est posé les différentes choses à acheterÉétalage
22%
on peut devenir de la même couleur qu'elleTtomate
21%
Généralement les enfants apprécient beaucoup celaFfrites
13%

Distribution des résultats

Percentile par nombre de réponses

% des personnes avec chaque résultat

Votre développement - résultats

Vous n’avez pas pris ce quiz